Should We Give Solow Another Chance? Testing Human Capital Proxies

Testovanie rozšíreného Solowovho modelu s ľudským kapitálom na prierezových dátach s rôznymi proxy premennými pre ľudský kapitál. Predpokladané výstupné pružnosti výrobných faktorov sa zhodujú so skutočnými údajmi v období rokov 1960 až 2000. V ďalších obdobiach bol odhadovaný vplyv fyzického kapitá...

Descrizione completa

Salvato in:
Dettagli Bibliografici
Autore principale: Hojdan, Dávid, 1995-
Natura: Capitolo di libro
Lingua:inglese
Soggetti:
Tags: Aggiungi Tag
Nessun Tag, puoi essere il primo ad aggiungerne!!

MARC

LEADER 00000naa$a2200000$$$4500
001 0272531
005 20260313083205.1
041 0 |a eng 
044 |a SK 
245 1 0 |a Should We Give Solow Another Chance? Testing Human Capital Proxies  |c Dávid Hojdan 
520 |a Testovanie rozšíreného Solowovho modelu s ľudským kapitálom na prierezových dátach s rôznymi proxy premennými pre ľudský kapitál. Predpokladané výstupné pružnosti výrobných faktorov sa zhodujú so skutočnými údajmi v období rokov 1960 až 2000. V ďalších obdobiach bol odhadovaný vplyv fyzického kapitálu nadhodnotený. Zdroj tohto nadhodnotenia identifikovaný pri nedokonalom výbere proxy premennej pre ľudský kapitál. Testovaný Solowovov model so štyrmi rôznymi proxy premennými pre ľudský kapitál na dvoch vzorkách krajín v období rokov 1990 – 2015. 
610 2 0 |a kapitál ľudský 
610 2 0 |a modely 
610 2 0 |a dáta 
610 2 0 |a rast hospodársky 
610 2 0 |a analýza dát 
100 1 |a Hojdan, Dávid, 1995-